000 00788nam a2200241 i 4500
001 bg
100 1 _aDĄBROWSKA, Jolanta.
245 1 0 _aLaboratorium urządzeń elektrycznych.
_nCz.1 /
_cJolanta Dąbrowska, Anna Kajura, Dariusz Szymeczek.
260 _aOpole :
_bOficyna Wydawnicza PO,
_c2001.
300 _a161 s. :
_brys., wykr. ;
_c24 cm.
490 1 _aSkrypt / Politechnika Opolska,
_x1427-9932 ;
_vnr 236
504 _aBibliogr. przy rozdz.
650 9 _aElektrotechnika
_xurządzenia
_xbadanie
655 _aPodręczniki akademickie
700 1 _aKAJURA, Anna
700 1 _aSZYMECZEK, Dariusz
830 0 _aSkrypt (Politechnika Opolska) ;
_vnr 236
040 _cBPK
041 0 _apl
080 _a621.31(075.8)
942 _cKS
008 s pl f |000 0 pol
999 _c40876
_d40876
856 _uhttp://koha.tu.koszalin.pl/cgi-bin/koha/opac-detail.pl?biblionumber=40876
_yKatalog online BPK